[Event "South Wales Autumn op"]
[Site "Cardiff"]
[Date "2022.10.15"]
[Round "2"]
[White "Bullen, Alex"]
[Black "Smith, Alun"]
[Result "1-0"]
[WhiteElo "2099"]
[BlackElo "1722"]
[PlyCount "71"]
[EventDate "2022.10.15"]
[EventType "swiss"]
[EventRounds "5"]
[EventCountry "WLS"]
[SourceTitle "EXT 2024"]
[Source "ChessBase"]
[SourceDate "2023.10.10"]
[SourceVersion "1"]
[SourceVersionDate "2023.10.10"]
[SourceQuality "1"]

1. d4 d5 2. Nf3 Nf6 3. c4 e6 4. g3 c6 5. Qc2 Nbd7 6. Bg2 dxc4 7. Qxc4 Nb6 8. Qc2 Be7 9. 0-0 Bd7 10. Nc3 Rc8 11. Rd1 Qc7 12. e4 h6 13. Bf4 Qd8 14. Rac1 Nh5 15. Bd2 c5 16. d5 exd5 17. exd5 Nc4 18. Ne4 Nd6 19. Nxd6+ Bxd6 20. Re1+ Kf8 21. Bc3 b5 22. Be5 Qc7 23. Bxd6+ Qxd6 24. Ne5 Nf6 25. Nxd7+ Nxd7 26. Bh3 g6 27. Qc3 Kg8 28. Qe3 Rd8 29. Bxd7 Rxd7 30. Rxc5 a6 31. Rc8+ Rd8 32. Rxd8+ Qxd8 33. Qe5 Rh7 34. Qe8+ Qxe8 35. Rxe8+ Kg7 36. d6 1-0

[Event "GBR-ch U1900 106th"]
[Site "Torquay"]
[Date "2019.08.01"]
[Round "4"]
[White "Smith, Alun"]
[Black "Ferrie, Peter"]
[Result "1-0"]
[WhiteElo "1696"]
[BlackElo "1346"]
[PlyCount "57"]
[EventDate "2019.07.29"]
[EventType "swiss"]
[EventRounds "7"]
[EventCountry "ENG"]
[SourceTitle "EXT 2025"]
[Source "ChessBase"]
[SourceDate "2024.10.14"]
[SourceVersion "1"]
[SourceVersionDate "2024.10.14"]
[SourceQuality "1"]

1. e4 d5 2. exd5 Nf6 3. d4 Bg4 4. Be2 Bxe2 5. Nxe2 Qxd5 6. 0-0 Nc6 7. Nbc3 Qd7 8. Bf4 a6 9. Re1 e6 10. a3 Be7 11. Qd3 0-0 12. Rad1 Rad8 13. Bc1 Qc8 14. Qg3 Kh8 15. Rd3 Rd7 16. Red1 Re8 17. Qf3 e5 18. d5 Nd4 19. Nxd4 Bc5 20. Nf5 e4 21. Nxe4 Rxe4 22. h3 Qe8 23. Be3 Bxe3 24. Rxe3 Rxe3 25. Qxe3 Qd8 26. Qg5 g6 27. Nh6 Ng8 28. Qxd8 Rxd8 29. Nxf7+ 1-0

[Event "WLS-ch Minor 64th"]
[Site "Cardiff"]
[Date "2018.03.31"]
[Round "3"]
[White "Peters, Chris"]
[Black "Smith, Alun"]
[Result "1/2-1/2"]
[WhiteElo "1591"]
[BlackElo "1563"]
[PlyCount "76"]
[EventDate "2018.03.30"]
[EventType "swiss"]
[EventRounds "7"]
[EventCountry "WLS"]
[SourceTitle "EXT 2021"]
[Source "ChessBase"]
[SourceDate "2020.10.23"]
[SourceVersion "1"]
[SourceVersionDate "2020.10.23"]
[SourceQuality "1"]

1. e4 e6 2. d4 d5 3. Bd3 c5 4. c3 Nc6 5. Nf3 Qb6 6. 0-0 dxe4 7. Bxe4 Nf6 8. Bxc6+ Qxc6 9. Ne5 Qb6 10. Na3 cxd4 11. Nac4 Qd8 12. Qa4+ Bd7 13. Nxd7 Qxd7 14. Qxd7+ Nxd7 15. cxd4 Be7 16. Bf4 0-0 17. Rac1 Bf6 18. Rfd1 Nb8 19. d5 exd5 20. Rxd5 Nc6 21. Kf1 Rfd8 22. Rcd1 Rxd5 23. Rxd5 Rd8 24. Rxd8+ Nxd8 25. b3 Kf8 26. Ke2 Ke7 27. Be3 Nc6 28. b4 Bd4 29. b5 Bxe3 30. Kxe3 Nd8 31. Ke4 f6 32. Kd5 Ne6 33. g3 Nc7+ 34. Kc5 Ne6+ 35. Kb4 b6 36. a4 Kd7 37. a5 Kc7 38. a6 Nc5 1/2-1/2

[Event "WLS-ch Minor"]
[Site "Cardiff"]
[Date "2017.04.16"]
[Round "5"]
[White "Smith, Alun"]
[Black "Hughes, Beryl"]
[Result "0-1"]
[WhiteElo "1593"]
[BlackElo "1444"]
[PlyCount "152"]
[EventDate "2017.04.14"]
[EventType "swiss"]
[EventRounds "7"]
[EventCountry "WLS"]
[SourceTitle "EXT 2022"]
[Source "ChessBase"]
[SourceDate "2021.10.06"]
[SourceVersion "1"]
[SourceVersionDate "2021.10.06"]
[SourceQuality "1"]

1. e4 e6 2. d4 d5 3. e5 c5 4. c3 Nc6 5. Nf3 Qb6 6. a3 cxd4 7. cxd4 Nge7 8. b4 a6 9. Bb2 Bd7 10. Bd3 g6 11. 0-0 Bg7 12. Nbd2 0-0 13. Nb3 f5 14. Nc5 Bc8 15. Ng5 Nd8 16. Qf3 Nf7 17. Nh3 Bh6 18. Bc1 Qc6 19. Bxh6 Nxh6 20. Rfc1 Nf7 21. Nxa6 Qb6 22. Nc5 g5 23. Qg3 h6 24. f4 Kh8 25. fxg5 Rg8 26. Qh4 Ng6 27. Qh5 Qd8 28. gxh6 Qe7 29. Rf1 b6 30. Nb3 Ba6 31. Bxa6 Rxa6 32. Nf4 Nxf4 33. Rxf4 Rg5 34. Qh3 Qa7 35. Nd2 Ra4 36. Nf3 Rg6 37. h7 Rxb4 38. Rc1 Rc4 39. Rxc4 dxc4 40. Nh4 Rg7 41. Ng6+ Rxg6 42. Qc3 b5 43. Qb4 Qd7 44. Qf8+ Kxh7 45. Rh4+ Rh6 46. Rf4 Ng5 47. h3 Qg7 48. Qxg7+ Kxg7 49. Rf1 Rg6 50. Kh2 Ne4 51. Rb1 Nc3 52. Ra1 Nd5 53. Z0 Ne3 54. g3 Rh6 55. Rb1 Nc2 56. Rxb5 Nxa3 57. Ra5 Nc2 58. Rc5 Nxd4 59. Rxc4 Nf3+ 60. Kg2 Nxe5 61. Ra4 Kf6 62. h4 Rh7 63. Kf2 Rb7 64. Ra2 Rb3 65. Re2 Nd3+ 66. Kg2 Rb2 67. Rxb2 Nxb2 68. Kf3 Nd3 69. Ke3 Ne5 70. Kf4 Ng6+ 71. Kf3 Nxh4+ 72. gxh4 Kg6 73. Kg3 Kh5 74. Kh3 e5 75. Kg3 e4 76. Kh3 f4 0-1

[Event "WLS-ch Minor"]
[Site "Cardiff"]
[Date "2017.04.14"]
[Round "1"]
[White "Smith, Alun"]
[Black "Davies, Gareth"]
[Result "1/2-1/2"]
[WhiteElo "1593"]
[BlackElo "1340"]
[PlyCount "85"]
[EventDate "2017.04.14"]
[EventType "swiss"]
[EventRounds "7"]
[EventCountry "WLS"]
[SourceTitle "EXT 2022"]
[Source "ChessBase"]
[SourceDate "2021.10.06"]
[SourceVersion "1"]
[SourceVersionDate "2021.10.06"]
[SourceQuality "1"]

1. e4 Nf6 2. e5 Nd5 3. d4 d6 4. Nf3 dxe5 5. dxe5 Qd7 6. Bd2 e6 7. Nc3 Nxc3 8. Bxc3 Be7 9. Bd3 b6 10. Qe2 c5 11. Rd1 Qc7 12. 0-0 0-0 13. a3 Bb7 14. Rfe1 Nc6 15. Qe4 g6 16. Qg4 Rfd8 17. Bd2 Nd4 18. Ng5 Bxg5 19. Bxg5 Rd7 20. Bf6 Nf5 21. Qh3 Qc6 22. f3 h5 23. Be4 Qc7 24. Rxd7 Qxd7 25. Bxb7 Qxb7 26. c3 Qd5 27. g4 Qd2 28. Rf1 Qe3+ 29. Kh1 Ng7 30. Bxg7 Kxg7 31. gxh5 Rh8 32. Qg3 Rxh5 33. Qe1 Qf4 34. Rf2 Rxe5 35. Qd2 Qxd2 36. Rxd2 Rd5 37. Re2 Kf6 38. Kg2 e5 39. Kg3 Kf5 40. h3 g5 41. Kf2 a5 42. Kg3 c4 43. Kf2 1/2-1/2